Kresby Františka Ronovského /

Hlavní autor: Boučková, Jitka, 1921-
Jazyk: Čeština
Vydáno: Pardubice : Východočeská gal., 1981.
Témata:
Fyzický popis: 1 sv. : il.
Knihy
Uloženo v:
LEADER 00841nam a22002292a 4500
001 001913030
003 CZ BrMZK
005 20241023124438.0
007 ta
008 241023s1981 xr a er|||||||||||cze d
040 |a ABB048  |b cze  |d ABB048 
100 1 |a Boučková, Jitka,  |d 1921-  |7 jk01012793  |4 aut 
245 1 0 |a Kresby Františka Ronovského /  |c text, výběr reprodukcí: Jitka Boučková. 
260 |a Pardubice :  |b Východočeská gal.,  |c 1981. 
300 |a 1 sv. :  |b il. 
500 |a Katalog výstavy: únor - březen 1981, Pardubice, Východočeská gal. 
500 |a 1 bar., 22 čb. reprod. v textu 
600 1 7 |a Ronovský, František,  |d 1929-2006  |7 jn20000402129  |2 czenas 
910 |a BOA001  |b X-1533.547 
990 |a BK 
991 |b 202410 
996 6 |b 2610983831  |c X-1533.547  |l MZK  |r Sklad / do 24 hodin  |n 0  |p dar  |w 001982112  |u 000010  |a 1  |e BOA001  |j MZK50  |s P